Study guide to accompany McConnell and Brue Economics (Record no. 2243)

MARC details
000 -LEADER
fixed length control field 00657nam a22002057a 4500
020 ## - INTERNATIONAL STANDARD BOOK NUMBER
ISBN 9780070468214
020 ## - INTERNATIONAL STANDARD BOOK NUMBER
ISBN 0070468214
050 ## - CALL NUMBER
Classification number HB171
Item number .5M139
100 ## - AUTHOR
Personal name William B Walstad
110 ## - AUTHOR
CORPORATE AUTHOR Robert C Bingham; Campbell R McConnell
245 ## - TITLE
Title Study guide to accompany McConnell and Brue Economics
Statement of responsibility, etc William B. Walstad, Robert C. Bingham.
250 ## - EDITION
Edition statement 13th ed.
260 ## - PUBLICATION INFORMATION
Place of publication New York :
Name of publisher McGraw-Hill,
Year of publication 1996.
300 ## - DESCRIPTION
Number of Pages xii, 525 pages :
Other physical details illus. ;
Dimensions 26 cm
650 ## - SUBJECTS
Topical Term Economics,
General subdivision Principles,
650 ## - SUBJECTS
Topical Term Economics,
General subdivision Problems,
650 ## - SUBJECTS
Topical Term Economics,
General subdivision Policies
710 ## - OTHER AUTHORS
OTHER AUTHORS William B. Walstad, Robert C. Bingham.
942 ## - ADDED ENTRY ELEMENTS (KOHA)
Koha item type Books
Holdings
Withdrawn status Lost status Home library Current library Shelving location Date acquired Full call number Accession Number Koha item type
    Methodist University Library Tema Methodist University Library Tema General Stacks 06/02/2010 HB171 .5M139 21217 Books
    Methodist University Library Tema Methodist University Library Tema General Stacks 06/02/2010 HB171 .5M139 21215 Books
    Methodist University Library Tema Methodist University Library Tema General Stacks 06/02/2010 HB171 .5M139 21216 Books
    Methodist University Library Tema Methodist University Library Tema General Stacks 06/02/2010 HB171 .5M139 21209 Books
    Methodist University Library Tema Methodist University Library Tema General Stacks 06/02/2010 HB171 .5M139 21211 Books
    Methodist University Library Tema Methodist University Library Tema General Stacks 06/02/2010 HB171 .5M139 21208 Books
    Methodist University Library Tema Methodist University Library Tema General Stacks 06/02/2010 HB171 .5M139 21212 Books
    Methodist University Library Tema Methodist University Library Tema General Stacks 06/02/2010 HB171 .5M139 21210 Books
Copyright © 2026  MUG Library